Enciclopedia jurídica Omeba : apéndice /
La Enciclopedia jurídica Omeba fue publicada por vez primera en 1954 en 26 volúmenes; se publicaron posteriormente 7 apéndices de actualización. Con motivo del cincuentenario de la primera edición, se han publicado, casi treinta años después, más apéndices.
Na minha lista:
| Outros Autores: | |
|---|---|
| Formato: | Livro |
| Idioma: | espanhol |
| Publicado em: |
Buenos Aires, Argentina :
Driskill,
1996, c1996
|
| Assuntos: | |
| Tags: |
Sem tags, seja o primeiro a adicionar uma tag!
|
MARC
| LEADER | 00000nam^a2200000^a^4500 | ||
|---|---|---|---|
| 001 | 000326882 | ||
| 005 | 20250521000000.0 | ||
| 009 | 20260310113819.907 | ||
| 020 | |a 950-9103-32-2 | ||
| 037 | |a Acervo ITESO - Biblioteca | ||
| 041 | |a ESP | ||
| 082 | |a 340. 03 |b ENC-A V. 7 | ||
| 240 | 1 | 1 | |a [Enciclopedia jurídica Omeba] |
| 245 | 0 | 0 | |a Enciclopedia jurídica Omeba : |b apéndice / |c Dir. de A. Bitbol. |
| 264 | 4 | |a Buenos Aires, Argentina : |b Driskill, |c 1996, c1996 | |
| 300 | |a 1062 p. | ||
| 336 | |a texto |b txt |2 rdacontenido | ||
| 337 | |a sin mediación |b n |2 rdamedio | ||
| 338 | |a volumen |b nc |2 rdasoporte | ||
| 520 | |a La Enciclopedia jurídica Omeba fue publicada por vez primera en 1954 en 26 volúmenes; se publicaron posteriormente 7 apéndices de actualización. Con motivo del cincuentenario de la primera edición, se han publicado, casi treinta años después, más apéndices. | ||
| 649 | |a XX | ||
| 650 | |a Derecho - |x Enciclopedias y Diccionarios - |x Tema Principal | ||
| 650 | |a Enciclopedias y Diccionarios | ||
| 700 | |a Bitbol, Alina |e (dirección) | ||
| 910 | |a Fondo General | ||
| 920 | |a Impresos - Libros | ||
| 930 | |a Obras de Referencia | ||
| 905 | |a 102 | ||
| 901 | |a 0500020061 |b IT2 |c REF |u 20250521 | ||
| 902 | |a https://opac.biblio.iteso.mx/vufind/Record/000326882 | ||